000 00337 a2200157 4500
001 180032
020 _a
040 _cMagnum
100 _aGóes, Lúcia Pimentel
240 1 0 _aAs duas caras da noite
_lpor
245 1 0 _aAs duas caras da noite
362 0 _a1899
440 1 _aModerna
697 _aMAGNITO: I/POESIA
942 _cBK
999 _c180032
_d180032